Education in the UK : facts and figures

Αποθηκεύτηκε σε:
Λεπτομέρειες βιβλιογραφικής εγγραφής
Κύριος συγγραφέας: MacKinnon, Donald
Άλλοι συγγραφείς: Statham, June, Hales, Margaret
Μορφή: Βιβλίο
Γλώσσα:English
Δημοσίευση: London : Hodder & Stoughton, 1995
Ετικέτες: Προσθήκη ετικέτας
Δεν υπάρχουν, Καταχωρήστε ετικέτα πρώτοι!

MARC

LEADER 00000nam a2200000 i 4500
001 1/89594
008 970609s1995 eng d
020 |a 0-340-62101-X 
035 |a 1995  |b 3  |c Καϊλα  |l 10035787 
040 |a GR-MY-UA  |b gre  |e aacr 
041 0 |a eng 
082 0 |a 370.941 
100 1 |a MacKinnon, Donald. 
245 1 0 |a Education in the UK :  |b facts and figures /  |c Donald MacKinnon, June Statham, Margaret Hales 
260 |a London :   |b Hodder & Stoughton,   |c 1995 
300 |a 218 p. 
700 1 |a Statham, June. 
700 1 |a Hales, Margaret. 
852 |a INST  |b RHODES  |e 19970609  |h 370.941 MAC  |p 005400011624  |q 005400011624  |t BK  |y 0 
909 |a Ρ  |b 043576  |c 1995